000
00298nam a2200109Ia 4500
008
190216s9999||||xx |||||||||||||| ||und||
100
_a
Bhatia V.B
245
0
_a
Textbook Of Astronomy And Astro Physics With Elements Of Cosmology
260
_b
Narosa Pubs House
_c
2001
300
_a
386p
942
_c
BK
999
_c
33779
_d
33779